Normal view
MARC view
- COVEY,R.STEPHEN
Entry Personal Name
001 - CONTROL NUMBER
- control field: 133852
003 - CONTROL NUMBER IDENTIFIER
- control field: NUST
005 - DATE AND TIME OF LATEST TRANSACTION
- control field: 20260403125325.0
008 - FIXED-LENGTH DATA ELEMENTS
- fixed length control field: 260403|| aca||aabn | a|a d
040 ## - CATALOGING SOURCE
- Original cataloging agency: NUST
- Transcribing agency: NUST
100 ## - HEADING--PERSONAL NAME
- Personal name: COVEY,R.STEPHEN
670 ## - SOURCE DATA FOUND
- Source citation: Work cat.: (NUST): COVEY,R.STEPHEN., THE 7 HABITS OF HIGHLY EFFECTIVE PEOPLE /, 1989.
